00265nam a2200109Ia 4500008004100000100001400041245004300055260001900098260000900117546001200126999001700138170619s9999 xx 000 0 und d aHwang Kai 0aStructured Systems Analysis and Design bNew Delhi: PHI c2002 aENGLISH c17734d17734